| 000 | 00767cam a2200241 4500 | ||
|---|---|---|---|
| 005 | 20260322212019.0 | ||
| 008 | data | ||
| 010 | _a 75125848 | ||
| 040 |
_aDLC _cDLC _dDLC |
||
| 050 | 0 | 0 |
_aND237.R68 _bG8 1970 |
| 082 | 0 | 0 | _a759.13 |
| 092 | _a759.13 G8 1970 | ||
| 100 | 1 |
_aGuptill, Arthur L. _d1891-1956. _q(Arthur Leighton), |
|
| 245 | 1 | 0 |
_aNorman Rockwell, illustrator. _cArthur L. Guptill. |
| 250 | _a[3d ed.] | ||
| 260 |
_aNew York, _bWatson-Guptill Publications _c[1970] |
||
| 300 |
_a208 p. _billus. (part col.), plan, col. plates, ports. (part col.) _c31 cm. |
||
| 350 | _a{dollar}17.50 | ||
| 600 | 1 | 0 |
_aRockwell, Norman, _d1894-1978. |
| 906 |
_a7 _bcbc _corignew _d2 _encip _f19 _gy-gencatlg |
||
| 991 |
_bc-GenColl _hND237.R68 _iG8 1970 _tCopy 1 _wBOOKS |
||
| 001 | data | ||
| 999 |
_c413 _d413 |
||